00205 a2200085 4500001000700000040003500007100001600042240003300058245002800091146580 cEscola São Tomás de Aquino aJOLY, Fanny10aQuem tem medo de bruxa?lpor10aQuem tem medo de bruxa?